000 00705nam a2200217Ia 4500
003 GCL
005 20240530105031.0
008 140319s9999 xx 000 0 ara d
020 _a9772450186
040 _aGCL /
_cGCL
082 0 4 _a932
_bق/ر ت
100 1 _aرمضان السيد
245 1 0 _aتاريخ مصر القديمة :
_bمنذ اقدم العصور حتى عام 332 قبل الميلاد /
_cرمضان السيد
250 _aط1
260 _aالقاهرة :
_bمكتبة نهضة الشرق ،
_c1991
300 _a382 ص ؛
_c24 سم
650 0 4 _aمصر القديمة
650 0 4 _aمصر - تاريخ
650 0 4 _aمصر القديمة - تاريخ
942 _2ddc
_cBK
999 _c52644
_d52644